[Event "MCR_KT28"]
[Site "?"]
[Date "2006.??.??"]
[Round "?"]
[White "Perina, Josef"]
[Black "Brunclik, Vladimir"]
[Result "1/2-1/2"]
[WhiteElo "1851"]
[BlackElo "1927"]
[PlyCount "100"]
[EventDate "2006.??.??"]
[EventType "corr"]
[EventRounds "2"]
[SourceDate "2007.01.09"]

1. e4 e6 2. d4 d5 3. Nc3 Bb4 4. e5 c5 5. a3 Bxc3+ 6. bxc3 Qc7 7. Bb2 Ne7 8. Nf3
b6 9. Nh4 Ba6 10. Bxa6 Nxa6 11. Qe2 c4 12. a4 O-O 13. f4 Qd7 14. O-O Nc7 15.
Ba3 Rfe8 16. g4 b5 17. a5 Nc6 18. Bd6 a6 19. g5 g6 20. Ng2 Rec8 21. Ne3 Ne8 22.
Ng4 Qd8 23. Bc5 Nxa5 24. Nf6+ Nxf6 25. gxf6 Nb7 26. Be7 Qd7 27. Qg4 h5 28. Qg5
Kh7 29. Rf3 Rh8 30. Kf2 Rae8 31. Ba3 Kg8 32. Rh3 Rh7 33. Rg1 Kh8 34. Ke2 Ra8
35. Rg4 a5 36. Rgh4 Qd8 37. Rg4 b4 38. cxb4 Nd6 39. exd6 axb4 40. Bxb4 Qd7 41.
Rg1 Qa4 42. Bd2 Qxc2 43. d7 Qa4 44. Rb1 Qxd7 45. Ra3 Rc8 46. h4 Kg8 47. Qe5 Rh8
48. Rb6 Rd8 49. Bb4 Kh7 50. Qd6 Qxd6 1/2-1/2

[Event "MCR_KT28"]
[Site "?"]
[Date "2006.??.??"]
[Round "?"]
[White "Vlacil, Vladimir"]
[Black "Benes, Jiri"]
[Result "0-1"]
[WhiteElo "1969"]
[BlackElo "1720"]
[PlyCount "110"]
[EventDate "2006.??.??"]
[EventType "corr"]
[EventRounds "2"]
[SourceDate "2007.01.09"]

1. e4 g6 2. d4 Bg7 3. c4 c5 4. Nf3 cxd4 5. Nxd4 Nh6 6. Be2 O-O 7. O-O Nc6 8.
Nb3 f5 9. Nc3 d6 10. Bg5 fxe4 11. Nxe4 Nf7 12. Bc1 b6 13. Nc3 e6 14. Be3 Bxc3
15. bxc3 Ne7 16. Bf3 Rb8 17. Nd4 Qd7 18. Bg4 Nf5 19. Re1 Ba6 20. Qb3 Ne5 21.
Bxf5 gxf5 22. c5 Bc4 23. c6 Qg7 24. Qd1 f4 25. Bd2 f3 26. g3 Qg4 27. Rxe5 dxe5
28. Nc2 Qh3 29. Ne3 Rf6 30. Kh1 Rc8 31. Qg1 Rxc6 32. g4 Rd6 33. Nxc4 Rd5 34.
Be3 Rg6 35. Qg3 Qxg4 36. Qxg4 Rxg4 37. Nd2 e4 38. c4 Rh5 39. Rg1 Rxg1+ 40. Kxg1
Ra5 41. Nxe4 Rxa2 42. h4 Rc2 43. Nd2 a5 44. Nxf3 Rxc4 45. Bxb6 a4 46. Bd4 a3
47. Kg2 h5 48. Kg3 a2 49. Be5 Kf7 50. Nd2 Rc5 51. Ba1 Rc1 52. Be5 Rg1+ 53. Kh2
Re1 54. Bc3 Re2 55. Nb3 Rxf2+ 0-1